Rozpoznaj miasto po znanej budowli/konstrukcji #2 -Polska - Statystyki

Ogólne statystyki
  • Ten quiz został rozwiązany 488 razy
  • Średni wynik to 8 z 16
Statystyki odpowiedzi
Obrazkowy Odpowiedź % Poprawnych
Warszawa
97%
Gdańsk
94%
Malbork
88%
Katowice
86%
Kraków
86%
Wrocław
78%
Poznań
63%
Sopot
62%
Gdynia
45%
Toruń
39%
Łódź
35%
Białystok
17%
Świnoujście
17%
Lublin
13%
Rzeszów
9%
Kazimierz Dolny
5%
Nie znaleziono quizów pasujących do podanych kryteriów
Rozkład punktacji
Procent ludzi z każdym wynikiem
Percentyl według liczby udzielonych odpowiedzi
Twoja historia wyników
Nie rozwiązałeś tego quizu